000 01600cam a2200445Mi 4500
001 88123
005 20230411090046.0
008 970708s1997 sp 000 0 spa d
035 _a(OCoLC)ocm37293837
040 _aPL#
_bspa
_cPL#
_dHOP
_dOCLCQ
_dBNM
019 _a38525959
020 _a8481641723
020 _a9788481641721
029 0 _aPL#
_b8481641723
035 _a(OCoLC)37293837
_z(OCoLC)38525959
090 _aHC 59
_b.L56 1997
049 _aGRAL
100 1 _aLipietz, Alain.
245 1 0 _aElegir la audacia :
_buna alternativa para el siglo XXI /
_cAlain Lipietz ; traducción de Jaime Vergara Antúna.
260 _aMadrid :
_bTrotta,
_c1997.
300 _a151 p. ;
_c23 cm.
440 0 _aColeccion Estructuras y Procesos.
_pSerie Ciencias Sociales
500 _aTitulo original: Choisir l'audace. Une alternative pour le vingt et uniáeme siáecle.- Traducido del francés.
653 _aEconomía
_aSiglo XXI
_aEnsayos, conferencias, etc.
653 _aEcología
_aSiglo XXI
_aEnsayos, conferencias, etc.
653 _aSociología
_aEnsayos, conferencias, etc.
650 0 _aEconomic history
_y1945-
650 0 _aEconomic forecasting.
650 0 _aTwenty-first century
_xForecasting.
650 4 _aHistoria económica
_y1945-
650 4 _aPronóstico económico.
650 4 _aSiglo XXI
_xPronósticos.
650 7 _aPrevisión económica.
_2embne
650 7 _aPolítica económica
_y1989-
_2embne
700 1 _aVergara Antúna, Jaime,
_etr.
938 _aPuvill Libros
_bPUVL
_n8481641723
_c$11.63
942 _2lcc
_cbk
994 _aC0
_bDRFGD
946 _a
999 _c111744
_d111744